000 01600cam a22004814i 4500
003 PE-LiUPU
005 20250731173456.0
008 150616s r 000 0 d
020 _a0800624793
035 _a(Sirsi) i9780800624798
040 _aPE-LiUPU
_bspa
_cPE-LiUPU
_erda
049 _aPRUA
082 0 4 _a241.092
_bS19
_221
100 1 _aSampley, J. Paul,
_eautor.
245 1 0 _aWalking Between the Times :
_bPaul's Moral Reasoning /
_cJ. Paul Sampley.
264 1 _aMinneapolis :
_bFortress Press,
_c1991.
300 _a122 páginas ;
_c22 centímetros
336 _atext
_2rdacontent
337 _aunmediated
_2rdamedia
338 _avolume
_2rdacarrier
505 0 _aEstudio y análisis de la vida de Pablo Pablo.
526 _aSEG42
526 _aSEG41
526 _aSEG40
526 _aSEG39
526 _aP94
526 _aP87
526 _aP86
526 _aP85
526 _aP77
526 _aP76
526 _aP35
600 1 _aPablo, Apóstol
_xEtica
630 _aBiblia.
_pN.T.
_pEpístolas de Pablo
_xCrítica, interpretación, etc.
650 0 4 _aEtica en la biblia.
910 _ajck
_bjvq
_cjck
942 _2ddc
_cBOOK
949 _a241.092 S19
_wDEWEY
_c1
_i39971
_lCCODEBUL1
_mBUL
_r0
_sY
_tBOOK
_u2015-6-16
_xTEOLOGIA
_zUNKNOWN
_0COMPRA
_o.STAFF. Colección General
994 _aC0
_bPEPRU
596 _a1
999 _a241.092 S19
_wDEWEY
_c57748
_i39971
_f2021-11-11
_g6
_lCCODEBUL1
_mBUL
_r0
_sY
_tBOOK
_u2015-6-16
_xTEOLOGIA
_zUNKNOWN
_0COMPRA
_o.STAFF. Colección General
_d57748
980 _81
_gALBERTO SANCHEZ Responsable de Automatización